Determination of network concentration in filled hydrogenated nitrile rubber of different saturation (Record no. 56899)

MARC details
000 -LEADER
fixed length control field 00457nam a2200157Ia 4500
100 ## - MAIN ENTRY--AUTHOR NAME
Personal name Dinzburg B N
245 #0 - TITLE STATEMENT
Title Determination of network concentration in filled hydrogenated nitrile rubber of different saturation
260 ## - PUBLICATION, DISTRIBUTION, ETC. (IMPRINT)
Name of publisher Kautschuk Gummi Kunststoffe
Year of publication 1999
300 ## - PHYSICAL DESCRIPTION
Number of Pages 413-419
650 ## - SUBJECT ADDED ENTRY--TOPICAL TERM
Topical Term HNBR
650 ## - SUBJECT ADDED ENTRY--TOPICAL TERM
Topical Term Interaction parameter
650 ## - SUBJECT ADDED ENTRY--TOPICAL TERM
Topical Term Network
650 ## - SUBJECT ADDED ENTRY--TOPICAL TERM
Topical Term Saturation
942 ## - ADDED ENTRY ELEMENTS (KOHA)
Koha item type Journals
Holdings
Withdrawn status Lost status Damaged status Not for loan Home library Current library Shelving location Date acquired Serial Enumeration / chronology Koha item type
      Journals RRII Library RRII Library Rubber chemistry 17/12/2021 Volume 52, Issue 6 Journals